• 首页
  • 本馆介绍
  • 公告通知
  • 最新文献
  • 馆藏检索
  • 电子资源
  • 读者导购
  • 参考咨询
  • 我的图书馆
  • 登录
  • 详细信息显示
  • 放入我的书架
  • 预约/预借图书
  • 作者相关作品
  • 分类相关作品
  • 丛书相关作品
  • 出版社相关作品

书目信息

  • 表格格式
  • 工作单格式
  • 卡片格式
题名:
土木工程中计算机应用文集
    
 
作者: ;中国土木工程学会计算机应用学会编委员会 编
分册:  
出版信息: 北京   科学出版社  1985
页数: 303页
开本: 26cm
丛书名:
单 册:
中图分类: TU18
科图分类:
主题词: 科学--应用--建筑
电子资源:
ISBN:
000 00786nam0 2200241 45
001 0185017247
005 20040514102210.6
010    @dCNY4.85
091    @a15031.624
100    @a19951119d1985 em y0chiy0121 ea
101 0  @achi
102    @aCN@b110000
105    @ay z 000yy
106    @ar
200 10 @a土木工程中计算机应用文集@Atu mu gong cheng zhong ji suan ji ying yong wen ji@f中国土木工程学会计算机应用学会编委员会编
210    @a北京@c科学出版社@d1985
215    @a303页@d26cm
606 0  @a科学@x应用@x建筑
690    @aTU18
711 02 @a中国土木工程学会计算机应用学会编委员会@4编@Azhong guo tu mu gong cheng xue hui ji suan ji ying yong xue hui bian wei yuan hui
801  0 @aCN@b深圳图书馆@c20040514
801  2 @aCN@bNLC@c20040514
905    @f1@b127142@dTU18@e106
    
    土木工程中计算机应用文集/中国土木工程学会计算机应用学会编委员会编.-北京:科学出版社,1985
    303页;26cm
    
    
    ISBN :CNY4.85
    
●
相关链接 在E读中查询图书 在五车中查询图书 在当当中查询图书 在豆瓣中查询图书


正题名:土木工程中计算机应用文集     索取号:TU18/106         预约/预借

序号 登录号 条形码 馆藏地/架位号 状态 备注
1 0127142   001484343   第三借阅区/ [索取号:TU18/106] 在馆    
2 0127143   001484352   第二样本阅览室/ [索取号:TU18/106] 在馆    
唐山师范学院图书馆 欢迎您!
大连网信软件有限公司© 版权所有